Ký hiệu, nghĩa và phê bình văn học Tập tiểu luận

Tập tiểu luận giới thiệu một số vấn đề về phê bình văn học, ngôn ngữ trong văn học, những tinh hoa tư tưởng và nghệ thuật của loài người trong văn học, người phụ nữ trong văn học...

Spremljeno u:
Bibliografski detalji
Glavni autor: Hoàng Trinh
Format: Knjiga
Jezik:Vietnamese
Izdano: H. Văn học 1979
Teme:
Oznake: Dodaj oznaku
Bez oznaka, Budi prvi tko označuje ovaj zapis!
Thư viện lưu trữ: Mạng thư viện Đại học Đà Nẵng
LEADER 01223nam a2200313 4500
001 000003970
003 98
005 20121211001230.0
008 110713s1979 viesd
020 |c 8000 
041 0 |a vie 
082 |a 895.922  |b HO-T 
100 0 |a Hoàng Trinh 
245 1 0 |a Ký hiệu, nghĩa và phê bình văn học  |b Tập tiểu luận  |c Hoàng Trinh 
260 |a H.  |b Văn học  |c 1979 
300 |a 123 tr.  |c 20.5 cm. 
520 |a Tập tiểu luận giới thiệu một số vấn đề về phê bình văn học, ngôn ngữ trong văn học, những tinh hoa tư tưởng và nghệ thuật của loài người trong văn học, người phụ nữ trong văn học... 
653 |a Văn học Việt Nam 
910 |a Thi  |d 13/7/2011 
OWN |a LSP 
AVA |a UDN50  |b LSP  |d 895.922 HO-T  |e available  |t Error 5001 Not defined in file expand_doc_bib_avail.  |f 2  |g 0  |h N  |i 0  |k 1 
999 |a From the UDN01 
AVA |a UDN50  |b LSP  |d 895.922 HO-T  |e available  |t Error 5001 Not defined in file expand_doc_bib_avail.  |f 2  |g 0  |h N  |i 0  |k 1 
TYP |a Monograph 
TYP |a Printed language 
980 |a Mạng thư viện Đại học Đà Nẵng